Revitalizácia dunajských nábreží v Bratislave a v Novom Sade : doktorandská dizertačná práca
Salvato in:
| Autore principale: | |
|---|---|
| Altri autori: | |
| Natura: | Manoscritto Libro |
| Lingua: | slovacco |
| Pubblicazione: |
Bratislava :
STU v Bratislave FA,
2011
|
| Soggetti: | |
| Accesso online: | VAIS |
| Tags: |
Nessun Tag, puoi essere il primo ad aggiungerne!!
|
MARC
| LEADER | 00000ntm a22000003a 4500 | ||
|---|---|---|---|
| 001 | stu235618 | ||
| 005 | 20230322075513.1 | ||
| 008 | 111006s2011----xo------------------slo-d | ||
| 040 | |a STU |b slo | ||
| 041 | 0 | |a slo | |
| 044 | |a xo | ||
| 100 | 1 | |a Plachtinská, Petra, |d 1981- |4 aut |u A6160 |U FAD Fakulta architektúry |T FA Ústav urbanizmu a územného plánovania |X 38310 |U A6160 |Y 397 |7 A000038310 | |
| 242 | 0 | 0 | |a REVITALISATION OF DANUBE WATERFRONTS IN BRATISLAVA AND NOVI SAD |y eng |
| 245 | 1 | |a Revitalizácia dunajských nábreží v Bratislave a v Novom Sade : |b doktorandská dizertačná práca | |
| 260 | |a Bratislava : |b STU v Bratislave FA, |c 2011 | ||
| 300 | |a 121 s | ||
| 650 | 7 | |a urbanizmus |2 stusub | |
| 650 | 7 | |a urban structure |2 estusub | |
| 650 | 7 | |a Bratislava |2 stusub | |
| 650 | 7 | |a Dunaj |2 stusub | |
| 650 | 7 | |a rieka |2 stusub | |
| 650 | 7 | |a verejný priestor |2 stusub | |
| 650 | 7 | |a urbanistická štruktúra |2 stusub | |
| 650 | 7 | |a nábrežie |2 stusub | |
| 700 | 1 | |a Kardoš, Peter, |d 1945- |4 ths |u A6160 |U FAD Fakulta architektúry |T FA Ústav urbanizmu a územného plánovania |X 501 |U A6160 |Y 397 |7 A000000501 | |
| 856 | 4 | |a info a plný text |u http://is.stuba.sk/zp/portal_zp.pl?podrobnosti=55160 |3 VAIS |u https://opac.crzp.sk/?fn=detailBiblioForm&sid=FB3FA775908569BA0C3ECAF1CA6C | |
| 996 | |b 284AB01077 |c A*7744 V |l AAKNST |s P |a 0 |w stu235618_0001 | ||